Verrücktes Geographie-Sudden Death-Quiz - Statistiken

Allgemein
  • Dieses Quiz wurde 201 mal gespielt
  • Das Durchschnittsergebnis liegt bei 7 aus 25
Answers on the Grid
Answers color-coded by a green-red scale on the quiz's grid according to % correct below.
Laos
Usbekistan
Turkmenistan
Togo
Mauretanien
Guinea
Zypern
Zentralafrikanische Republik
Algerien
Madagaskar
Paraguay
Eritrea
Griechenland
Finnland
Lettland
Portugal
Mali
Spanein
Aserbaidschan
San Marino
Südkore
Lesotho
Oman
Irak
Liechtenstein
Österreich
Schweiz
Philippinen
Gabun
Japan
Tadschikistan
Russland
Tunesien
China
Deutschland
Luxemburg
Namibia
Uruguay
Belize
K anada
Trinidad und Tobago
Bosnien und Herzegowina
Sierra Leone
Somalia
Mosambik
Nauru
Grenada
Neuseeland
Vietnam
Bangladesch
 
Antwortstatistiken
Antwort % Korrekt
Irak
59%
Mali
59%
Laos
58%
Togo
57%
Oman
42%
Zypern
42%
Liechtenstein
39%
Zentralafrikanische Republik
36%
Lesotho
31%
Usbekistan
28%
San Marino
27%
Griechenland
25%
Spanein
24%
Algerien
22%
Mauretanien
18%
Turkmenistan
17%
Paraguay
14%
Finnland
13%
Madagaskar
13%
Portugal
13%
Aserbaidschan
12%
K anada
12%
Lettland
11%
Guinea
10%
Eritrea
8%
Keine übereinstimmenden Quizze gefunden
Verteilung der Resultate
Anzahl Personen mit jedem Resultat
Perzentil nach korrekt beantworteten Fragen
Ihre Resultats-Entwicklung
Sie haben dieses Quiz noch nicht gespielt